Zmenená organizačná štruktúra ročná bilancia úradov práce

Bibliographic Details
Format: Article
Language:Slovak
Subjects:

MARC

LEADER 00000nab a2200000 a 4500
001 vtls001023336
003 SK-MaSNL
005 20260303041956.0
008 040720e19970109xo 0 slo
035 |a SL1916 
040 |a SLLK  |b slo  |c SLLK  |e AACR2 
041 0 |a slo 
044 |a xo  |c SK 
080 |a 331  |2 1981 
245 0 0 |a Zmenená organizačná štruktúra  |b ročná bilancia úradov práce  |c [autor] (J.H.) 
600 1 7 |a Aftanasová, Anna,  |d 1960-  |2 SLLK  |9 1027590 
600 1 7 |a Redaj, Miroslav,  |d 1963-  |2 SLLK  |9 1027591 
610 2 7 |a Okresný úrad práce (Stará Ľubovňa, Slovensko)  |2 SLLK  |9 1023145 
610 2 7 |a Obvodný úrad práce (Stará Ľubovňa, Slovensko)  |2 SLLK  |9 1027592 
648 7 |a 1996  |2 snkbucl  |9 283904 
650 0 7 |a činnosť  |2 SLLK  |9 282874 
651 7 |a Stará Ľubovňa (Slovensko)  |2 snkbucl  |9 19193 
773 0 8 |t Ľubovnianske noviny  |g Roč. 23, č.1, 9.1.1997, s. 1 
852 |a ZVYKNI  |b KIS3GCP 
999 |c 1690021  |d 1691951